=LDR 00000nam 2200000 4500 =001 INLIS000000000034602 =005 20140328113454.0 =006 =007 =008 ind =035 ##$$a 0010-061300000034602 =041 ##$$a ind =082 ##$$a 028.5 =090 ##$$a 028.5, Sri,k =100 ##$$a Sri Izzati =245 ##$$a Kecil-Kecil Punya Karya, 2 Of Me, Sri Izzati; Penyunting, Dadan Ramadhan =260 ##$$a 2009 $b Bandung =300 ##$$a 105 hlm., Illus, 21 cm =650 ##$$a Bacaan Kanak-Kanak =700 ##$$a Ramadhan,Dadan =850 ##$$a NBPNMAT